00882nam a2200217 a 450000100060000000300090000600800410001502000150005604000280007108200180009910000250011724500460014226000330018830000110022149000520023250502380028465000420052265000310056465000370059565000320063218795CO-ViMGA141112s2004 ck r 000 u spa d a847556190X aCO-ViMGAbspacCO-ViMGA04a398.2098 A2671 aAcosta, Maria, comp.10aCuentos y Leyendas de América Latina :  aBarcelona : bOceano, c2002 a247 p. aEl Jardin interior, los mitos del Sol y la Luna aLeyendas del orígen del universo Leyendas de Dioses y hombres Leyendas del sol y de la luna Leyendas de tierra , de agua , de viento y de fuego Leyendas de plantas y animales Leyendas de la conquista Leyendas de espiritus y duendes14aCUENTOS INFANTILES - América LATINA14aCUENTOS LATINOAméricaNOS14aLEYENDAS INDIGENAS - COLECCIONES14aLEYENDAS LatinoaméricanaS